Language Quiz

Random Language or Letter Quiz

Three Letter 'S' Words Quiz Stats

 Plays Quiz Updated Oct 1, 2017

Challenge
Share
Tweet
Embed
Score 0/70 Timer 05:00
9 Plays Today
Word % Correct
sat
97.6%
sad
97.2%
saw
96.5%
sap
95.9%
set
95.5%
sag
95.4%
sit
94.8%
sac
94.8%
san
94.5%
say
94.2%
sew
93.6%
sin
93.4%
see
92.5%
sab
92.4%
sip
91.9%
sax
91.8%
sal
91.7%
sen
90.5%
son
90%
sea
89.8%
sir
89.6%
sae
88.9%
sel
88.6%
sec
88.5%
sop
88.4%
seg
88.2%
sex
88.1%
sim
87.7%
sot
87.2%
ser
87%
sic
86.4%
sow
86.4%
sod
86.3%
sob
85.5%
sau
85.4%
Word % Correct
sib
85%
sun
85%
sis
84.4%
sig
83.9%
sol
83.8%
sev
83.1%
six
81.5%
som
81.3%
sei
81.1%
soc
79.4%
sum
78.7%
sup
78.4%
soy
78.2%
sox
78.1%
sos
77.5%
sub
77%
she
73.3%
sou
73.2%
soh
73.2%
shy
71.2%
sue
70.3%
sha
66.1%
sly
63.6%
sus
63%
suk
61%
sty
60.9%
spy
59.5%
sky
57.6%
ski
55.2%
spa
53.6%
suq
52.9%
ska
52.2%
shh
47.4%
syn
22%
sri
21.3%

You're not logged in!

Compare scores with friends on all Sporcle quizzes.
OR
Log In

You Might Also Like...

Show Comments

Extras

Top Quizzes Today


Score Distribution

Your Account Isn't Verified!

In order to create a playlist on Sporcle, you need to verify the email address you used during registration. Go to your Sporcle Settings to finish the process.

Report this User

Report this user for behavior that violates our Community Guidelines.

Details: